000 01149nam0a2200325 4500
001 RU\NLR\bibl\1283631
005 20250615142015.0
010 _a978-5-7516-0737-1
_93000
021 _aRU
_b2008-64054
_93643
035 _a(NLR Aleph) 001269372
090 _a429233
_c429233
100 _a20081013d2008 |||y0rusy50 ca
101 1 _arus
_ceng
102 _aRU
105 _ay |||||||||
200 1 _aБиблия сегодня
_fМеир Шалев
_gпер. [с англ.] И. Гуровой
210 _aМосква
_cТекст
_d2008
215 _a266, [3] с.
_d21
225 1 _aЛучшие книги за XX лет, 1988-2008
300 _aЗагл. и авт. ориг.: The Bible for Now / Meir Shalev
454 0 _12001#$aThe Bible for Now$fMeir Shalev
_1700#1$aShalev$bM.$gMeir$4070
_tThe Bible for Now
_aShalev, Meir
605 _aБиблия
_xКомментарии
_91151493
_3RU\NLR\auth\66141476
686 _aЭ37-200.2
700 1 _aШалев
_bМ.
_gМеир
_4070
801 0 _aRU
_bNLR
_c20081013
_gRCR
801 1 _aRU
_bNLR
_c20081013
942 _cBOOK
980 _aNB